000 01163nam0a2200325 4500
001 RU\NLR\BIBL_A\012659752
005 20220301143126.0
010 _a978-5-00167-254-8
_93000
021 _aRU
_bКН-П-21-053659
_9КН-П-21-4213
035 _a(NLR Aleph) 012659752
090 _a12752082
_c12752082
100 _a20211207d2021 e y0rusy50 ca
101 1 _arus
_cfre
102 _aRU
105 _ay|||z|||000ay
181 0 _ai4
_bab2e
182 0 _an
200 1 _aМирелла
_eроман
_e[для старшего школьного возраста]
_fФлор Веско
_gперевод с французского Тимофея Петухова
203 _aТекст
_bвизуальный
_cнепосредственный
210 _aМосква
_cСамокат
_d2021
215 _a252, [3] с.
_d21
333 _a16+
686 0 _aШ9(4Фр)62-4
700 1 _7ca
_8rus
_aВеско
_bФ.
_f1981-
_gФлор
_9239690
_3RU\NLR\AUTH\770239746
942 _cBOOK
980 _aNB